000 00404cam a22001451 4500
082 _a624.15136
_bSCO
_cL-16, P-10
100 1 _aScott, Ronald F.
_942527
245 1 0 _aPrinciples of soil mechanics.
260 _aReading, Mass.,
_bAddison-Wesley Pub. Co.
_c[1963]
300 _a550 p.
526 _a0
_b0
_c0
_d624_151360000000000_SCO
650 0 _aMCE
_9379
650 0 _aSoil mechanics.
942 _2ddc
_cBK
999 _c546398
_d546398